Municipalities of Madrid (with a map) - Statistics

General Stats
  • This quiz has been taken 714 times
    246 since last reset
  • The average score is 50 of 179
Answers on the Map
Answers color-coded by a green-red scale on the quiz's map according to % correct below.
 
Answer Stats
Municipality % Correct
Madrid
97%
Getafe
91%
Alcalá de Henares
83%
Alcorcón
80%
Leganés
79%
Fuenlabrada
77%
Alcobendas
76%
Móstoles
76%
Aranjuez
74%
Las Rozas de Madrid
73%
Torrejón de Ardoz
71%
Pozuelo de Alarcón
70%
San Sebastían de los Reyes
70%
Valdemoro
70%
Parla
68%
Rivas-Vaciamadrid
68%
Majadahonda
66%
Pinto
66%
Colmenar Viejo
64%
El Escorial
62%
Tres Cantos
62%
Arganda del Rey
61%
Boadilla del Monte
58%
Coslada
58%
Collado Villalba
54%
San Fernando de Henares
54%
Galapagar
53%
Torrelodones
53%
Guadarrama
52%
San Lorenzo de El Escorial
51%
Navalcarnero
50%
Navacerrada
49%
Cercedilla
48%
Paracuellos de Jarama
47%
Chinchón
46%
Humanes de Madrid
46%
Buitrago del Lozoya
44%
Manzanares el Real
43%
Villaviciosa de Odón
43%
Brunete
41%
Guadalix de la Sierra
41%
Arroyomolinos
40%
Ciempozuelos
40%
Rascafría
40%
Meco
38%
Valdemorillo
38%
Villanueva de la Cañada
37%
Lozoya
36%
San Agustín del Guadalix
36%
Soto del Real
36%
Colmenarejo
34%
Miraflores de la Sierra
34%
Morata de Tajuña
34%
San Martín de la Vega
34%
San Martín de Valdeiglesias
34%
Algete
32%
Alpedrete
32%
Collado Mediano
32%
Somosierra
32%
Villanueva del Pardillo
31%
Colmenar de Oreja
30%
Daganzo de Arriba
30%
El Álamo
30%
Hoyo de Manzanares
30%
Mejorada del Campo
30%
Moraleja de Enmedio
30%
Sevilla la Nueva
30%
Villaconejos
29%
Griñón
28%
El Boalo
27%
Cenicientos
26%
Lozoyuela-Navas-Sieteiglesias
26%
Ajalvir
25%
El Molar
25%
Moralzarzal
25%
Villar del Olmo
24%
Alameda del Valle
23%
Becerril de la Sierra
23%
Los Molinos
23%
Fresno de Torote
22%
Patones
22%
Robledo de Chavela
22%
Velilla de San Antonio
22%
Aldea del Fresno
21%
Perales de Tajuña
21%
Torrejón de la Calzada
21%
Torrejón de Velasco
21%
Bustarviejo
20%
Cubas de la Sagra
20%
La Cabrera
20%
Loeches
20%
Santa María de la Alameda
20%
Titulcia
20%
Zarzalejo
20%
Casarrubuelos
19%
Campo Real
18%
Cobeña
18%
Villamanta
18%
Villarejo de Salvanés
18%
Canencia
17%
El Vellón
17%
Nuevo Baztán
17%
Estremera
16%
Gargantilla del Lozoya y Pinilla de Buitrago
16%
La Hiruela
16%
Navarredonda y San Mamés
16%
Pinilla del Valle
16%
Quijorna
16%
Talamanca de Jarama
16%
Villa del Prado
16%
Cadalso de los Vidrios
15%
El Berrueco
15%
Fuentidueña de Tajo
15%
Pedrezuela
15%
Puebla de la Sierra
15%
Villalbilla
15%
Braojos de la Sierra
14%
Chapinería
14%
Pelayos de la Presa
14%
Torrelaguna
14%
Villamantilla
14%
El Atazar
13%
Torres de la Alameda
13%
Valdemanco
13%
Valdetorres de Jarama
13%
Batres
12%
Carabaña
12%
Cervera de Buitrago
12%
Fuente el Saz de Jarama
12%
Horcajo de la Sierra-Aoslos
12%
Montejo de la Sierra
12%
Navalagamella
12%
Robregordo
12%
Serranillos del Valle
12%
Venturada
12%
Ambite
11%
Berzosa del Lozoya
11%
Brea de Tajo
11%
Camarma de Esteruelas
11%
Garganta de los Montes
11%
Horcajuelo de la Sierra
11%
La Acebeda
11%
Madarcos
11%
Pozuelo del Rey
11%
Villavieja del Lozoya
11%
Colmenar del Arroyo
10%
Gascones
10%
Piñuécar-Gandullas
10%
Pradena del Rincón
10%
Robledillo de la Jara
10%
Tielmes
10%
Valdemaqueda
10%
Valdilecha
10%
Villamanrique de Tajo
10%
Anchuelo
9%
Belmonte de Tajo
9%
Fresnedillas de la Oliva
9%
La Serna del Monte
9%
Los Santos de la Humosa
9%
Navalafuente
9%
Navas del Rey
9%
Olmeda de las fuentes
9%
Orusco de Tajuña
9%
Redueña
9%
Rozas de Puerto Real
9%
Torremocha de Jarama
9%
Valdelaguna
9%
Villanueva de Perales
9%
Corpa
8%
Santorcaz
8%
Valdaracete
8%
Valdeavero
8%
Valdepiélagos
8%
Valverde de Alcalá
8%
Cabanillas de la Sierra
7%
Pezuela de las Torres
7%
Puentes Viejas
7%
Ribatejada
7%
Valdeolmos-Alapardo
7%
No matching quizzes found
Score Distribution
Percent of People with Each Score
Percentile by Number Answered
Your Score History
You have not taken this quiz since the last reset